Normal view
MARC view
Entry Personal Name
001 - CONTROL NUMBER
- control field: 10518
003 - CONTROL NUMBER IDENTIFIER
- control field: OSt
005 - DATE AND TIME OF LATEST TRANSACTION
- control field: 20160729170358.0
008 - FIXED-LENGTH DATA ELEMENTS
- fixed length control field: 160729|| aca||aabn | a|a d
040 ## - CATALOGING SOURCE
- Original cataloging agency: OSt
- Transcribing agency: OSt
100 ## - HEADING--PERSONAL NAME
- Personal name: Librach, S. Lawrence.
670 ## - SOURCE DATA FOUND
- Source citation: Work cat.: (OSt)4894: Palliative care :, 2007.
